Gastrointestinal system / (رقم التسجيلة. 35374)

تفاصيل مارك
000 -الفاتح
حقل البيانات ثابتة الطول 01588cam a22003618a 4500
001 - رقم الضبط
رقم الضبط 17140072
003 - محدد رقم الضبط
رقم الضبط OSt
005 - وقت وتاريخ اخر تعامل مع التسجيلة
رقم الضبط 20150408114220.0
008 - عناصر البيانات ثابتة الطول - معلومات عامة
حقل البيانات ثابتة الطول 120118s2013 stk f b 001 0 eng
010 ## - رقم ضبط مكتبة الكونجرس
رقم ضبط مكتبة الكونجرس 2012002197
020 ## - الرقم الدولى المعيارى للكتب
الرقم الدولى المعيارى للكتاب 9780723436201
035 ## - رقم ضبط النظام
رقم ضبط النظام (DNLM)101576470
040 ## - مصدر الفهرسة
وكالة الفهرسة الأصلية DNLM/DLC
وكالة النسخ DLC
042 ## - رمز التحقق
رمز التحقق pcc
060 10 - رقم الطلب بالمكتبة الطبية الوطنية
رقم التصنيف WJ 140
082 00 - رقم تصنيف ديوى العشرى
رقم التصنيف 612.32 GMG
رقم الطبعة 23
100 1# - المدخل الرئيسى - إسم شخصى
الإسم الشخصى Griffiths, Megan
التواريخ المصاحبة للاسم 1987-
9 (RLIN) 45859
245 10 - بيان العنوان
العنوان Gastrointestinal system /
بيان المسئوليه,etc Megan Griffiths; Rusheng Chew
250 ## - بيان الطبعة
بيان الطبعة 4th ed. /
بقية بيان الطبعة Timothy Jones ; faculty advisor Kevin Harris.
260 ## - PUBLICATION, DISTRIBUTION, ETC. (IMPRINT)
مكان الناشر او الموزع Edinburgh :
اسم الناشر او الموزع Elsevier,
تاريخ النشر أو التوزيع 2013.
263 ## - تاريخ النشر المتوقع
تاريخ النشر المتوقع 1207
300 ## - الوصف المادى
التعداد x, 203 p. ;
أبعاد الوعاء 26 cm.
490 1# - بيان السلسلة
عنوان السلسلة Crash course
504 ## - تبصرة ببليوجرافية
تبصرة ببليوجرافية,الخ Includes bibliographical references and index.
505 ## - تبصرة محتويات-الفهرس
تبصرة المحتويات المصاغة The upper gastrointestinal tract --<br/>The stomach --<br/>The small intestine --<br/>The large intestine --<br/>The liver --<br/>The pancreas and biliary tract --<br/>Clinical assessment of gastrointestinal disease.
520 ## - التبصرة الخاصة بالتعليق أو التلخيص
ملخص,الخ Now celebrating over 10 years of success - Crash Course has been specially devised to help you get through your exams with ease. This book features the 'Hints and Tips' boxes as well as other useful aide-memoires. It contains an assessment section which allows you to test your knowledge and hone your exam skills.
650 12 - المدخل الاضافى بالموضوع-مصطلح موضوعى
مصطلح موضوعي أو اسم جغرافي كعنصر مدخل Digestive System.
9 (RLIN) 11364
650 22 - المدخل الاضافى بالموضوع-مصطلح موضوعى
مصطلح موضوعي أو اسم جغرافي كعنصر مدخل Gastrointestinal system.
9 (RLIN) 45860
700 1# - المدخل الاضافى - اسم شخصى
الإسم الشخصى Chew, Rusheng
الشكل الأكمل للاسم (Robert H.).
عنوان العمل Renal and urinary systems.
9 (RLIN) 45861
830 #0 - المدخل الاضافى بالسلسلة -عنوان موحد
عنوان موحد Crash course.
9 (RLIN) 36087
906 ## - عنصر بيانات محلى F, LDF (RLIN)
a 7
b cbc
c orignew
d 1
e ecip
f 20
g y-gencatlg
942 ## - عناصر المدخل الإضافي( كوها)
مصدر التصنيف او مخطط الترفيف Dewey Decimal Classification
Koha [default] item type كتاب
المقتنيات
حالة الفقد نموذج السعر الفعال حالة تلف ليس للاعارة رقم الطلب رقم النسخة تاريخ الاكتساب الموقع الحالي الباركود الفرع الرئيسي Date last seen نوع المادة فى نظام كوها مصدر التصنيف او خطة الترفيف Total Checkouts
  2014-06-23   Not For Loan 612.32 GMG 1 2014-06-23 المكتبة المركزية بالمجمعة (CL) 00307395 المكتبة المركزية بالمجمعة (CL) 2014-06-23 كتاب Dewey Decimal Classification  
  2014-06-24     612.32 GMG 2 2014-06-24 المكتبة المركزية بالمجمعة (CL) 00307394 المكتبة المركزية بالمجمعة (CL) 2014-06-24 كتاب Dewey Decimal Classification